<?xml version="1.0" encoding="UTF-8"?><?xml-stylesheet type="text/xsl" href="static/style.xsl"?><OAI-PMH xmlns="http://www.openarchives.org/OAI/2.0/" xmlns:xsi="http://www.w3.org/2001/XMLSchema-instance" xsi:schemaLocation="http://www.openarchives.org/OAI/2.0/ http://www.openarchives.org/OAI/2.0/OAI-PMH.xsd"><responseDate>2026-04-17T01:24:30Z</responseDate><request verb="GetRecord" identifier="oai:www.recercat.cat:2099.1/16594" metadataPrefix="marc">https://recercat.cat/oai/request</request><GetRecord><record><header><identifier>oai:recercat.cat:2099.1/16594</identifier><datestamp>2025-07-17T15:27:13Z</datestamp><setSpec>com_2072_1033</setSpec><setSpec>col_2072_452951</setSpec></header><metadata><record xmlns="http://www.loc.gov/MARC21/slim" xmlns:dcterms="http://purl.org/dc/terms/" xmlns:xsi="http://www.w3.org/2001/XMLSchema-instance" xmlns:doc="http://www.lyncode.com/xoai" xsi:schemaLocation="http://www.loc.gov/MARC21/slim http://www.loc.gov/standards/marcxml/schema/MARC21slim.xsd">
   <leader>00925njm 22002777a 4500</leader>
   <datafield ind2=" " ind1=" " tag="042">
      <subfield code="a">dc</subfield>
   </datafield>
   <datafield ind2=" " ind1=" " tag="720">
      <subfield code="a">Águila Pérez, Antonio</subfield>
      <subfield code="e">author</subfield>
   </datafield>
   <datafield ind2=" " ind1=" " tag="260">
      <subfield code="c">2012-09</subfield>
   </datafield>
   <datafield ind2=" " ind1=" " tag="520">
      <subfield code="a">En aquest document es tracta els càlculs de dimensionament i disseny per a una màquina de llançar plats robotitzada, corresponent a la modalitat de Trap Automàtic segons la Real Federación Española de Tiro Olímpico.&#xd;
Primerament es fixen les prestacions de la màquina mitjançant la normativa i s'analitzen les diferents solucions constructives amb un estudi de mercat. A través de l'experiència de personal especialitzat en manteniment d'aquestes màquines, s'intenten solucionar els problemes més comuns.&#xd;
En el cos de la memòria es donen els càlculs i raonaments indispensables per a comprendre el dimensionament dels elements i la forma dels mateixos. Més endavant, s'analitza la màquina construïda, mostrant les peces més característiques i especificant material i procés de fabricació.&#xd;
A part del disseny de la màquina funcional, s'analitzen els mecanismes de seguretat necessaris, es fa un estudi d'impacte ambiental, tant en la seva vida com en el seu desballestament, i s'analitza econòmicament la construcció i venda de la mateixa.&#xd;
La majoria de càlculs de dimensionament i els de comprovació, juntament amb els plànols, són inclosos a l'annex degut al seu volum. Tanmateix, raonaments d'aquests i les conclusions a que s'arriba amb els mateixos estan explicades dins del cos de la memòria.&#xd;
El disseny de la màquina està enfocat des d'un punt de vista mecànic, pel que molts aspectes d'electrònica i control no són tractats dins d'aquest document. Només es fa referència als elements indispensables per a entendre el funcionament de la màquina.</subfield>
   </datafield>
   <datafield tag="653" ind2=" " ind1=" ">
      <subfield code="a">Àrees temàtiques de la UPC::Informàtica::Robòtica</subfield>
   </datafield>
   <datafield tag="653" ind2=" " ind1=" ">
      <subfield code="a">Robots</subfield>
   </datafield>
   <datafield tag="653" ind2=" " ind1=" ">
      <subfield code="a">Robots</subfield>
   </datafield>
   <datafield ind2="0" ind1="0" tag="245">
      <subfield code="a">Màquina de llançar plats robotitzada</subfield>
   </datafield>
</record></metadata></record></GetRecord></OAI-PMH>